How smooth is the stock market integration of CEE-3? William Davidson Institute working paper number 1079
Saved in:
| Main Author: | |
|---|---|
| Corporate Author: | |
| Other Authors: | |
| Format: | Book |
| Language: | English |
| Published: |
Ann Arbor
2014
|
| Subjects: | |
| Tags: |
No Tags, Be the first to tag this record!
|
MARC
| LEADER | 00000nam a2200000 4500 | ||
|---|---|---|---|
| 001 | 0198232 | ||
| 005 | 20250530115210.1 | ||
| 041 | 0 | |a eng | |
| 044 | |a US | ||
| 245 | 1 | 0 | |a How smooth is the stock market integration of CEE-3? |b William Davidson Institute working paper number 1079 |c Eduard Baumöhl, Štefan Lyócsa |
| 264 | 1 | |a Ann Arbor |c 2014 | |
| 300 | |a [28 s., 34 NS] | ||
| 610 | 2 | 0 | |a trh akciový |
| 610 | 2 | 0 | |a burzy cenných papierov |
| 610 | 2 | 0 | |a modelovanie |
| 610 | 2 | 0 | |a modely nelineárne |
| 610 | 2 | 0 | |a stredná Európa |
| 610 | 2 | 0 | |a Česko |
| 610 | 2 | 0 | |a Maďarsko |
| 610 | 2 | 0 | |a Poľsko |
| 610 | 2 | 0 | |a Slovensko |
| 100 | 1 | |a Baumöhl, Eduard, 1982- | |
| 700 | 1 | |a Lyócsa, Štefan, 1982- | |
| 710 | 2 | |a William Davidson Institute at the University of Michigan | |